Les lanceurs d’alerte infirmiers, pierre angulaire de la démocratisation des services de santé (notice n° 1741631)

détails MARC
000 -LEADER
fixed length control field 04294cam a2200409 4500500
005 - DATE AND TIME OF LATEST TRANSACTION
control field 20260322004613.0
041 ## - LANGUAGE CODE
Language code of text/sound track or separate title fre
042 ## - AUTHENTICATION CODE
Authentication code dc
100 10 - MAIN ENTRY--PERSONAL NAME
Personal name Perron, Amélie
Relator term author
245 00 - TITLE STATEMENT
Title Les lanceurs d’alerte infirmiers, pierre angulaire de la démocratisation des services de santé
260 ## - PUBLICATION, DISTRIBUTION, ETC.
Date of publication, distribution, etc. 2026.<br/>
500 ## - GENERAL NOTE
General note 46
520 ## - SUMMARY, ETC.
Summary, etc. Cet article discute du rôle des alertes éthiques (divulgation ou whistleblowing) initiées par des professionnels de santé dans l’émancipation des usagers et le renforcement de leurs droits et de la démocratie sanitaire. Nous mobilisons la Théorie d’émancipation de Christian Welzel (2013) pour examiner dans quelle mesure les actions prosociales des professionnels de santé lanceurs d’alerte, et les risques qu’ils encourent en conséquence, s’insèrent dans les trois piliers de l’émancipation proposés par C. Welzel, à savoir la motivation, les ressources et la protection. Notre propos est illustré empiriquement par des témoignages recueillis dans le cadre d’une étude qualitative auprès d’infirmières et infirmiers lanceurs d’alerte. Nous concluons que le lancement d’alerte éthique constitue une forme de pouvoir d’agir des professionnels de santé qui protège à son tour le pouvoir d’agir des usagers et renforce la transparence et la responsabilité démocratique des systèmes de santé contemporains.
520 ## - SUMMARY, ETC.
Summary, etc. This article discusses the role of healthcare whistleblowing in patient emancipation and the strengthening of patients’ rights and democracy in healthcare. Drawing on Christian Welzel’s Theory of Emancipation (2013), we examine the extent to which the prosocial actions of healthcare professionals who blow the whistle, and the risks they incur as a result, fit into the three pillars of emancipation proposed by C. Welzel, namely motivation, resources and protection. We empirically illustrate our analysis using testimonies collected as part of a qualitative study of nurses who blew the whistle on wrongdoing. We conclude that whistleblowing reflects healthcare professionals’ power to act, which in turn protects patients’ power to act and strengthens transparency and democratic accountability within contemporary healthcare systems.
520 ## - SUMMARY, ETC.
Summary, etc. Este artículo analiza el papel de las alertas éticas (divulgación o whistleblowing) iniciadas por profesionales sanitarios en la emancipación de los pacientes y el fortalecimiento de sus derechos y de la democracia sanitaria. Basándonos en la Teoría de la Emancipación de Christian Welzel (2013), examinamos cómo las acciones prosociales de los profesionales sanitarios denunciantes, y los riesgos en que incurren como consecuencia de ello, se inscriben en los tres pilares de la emancipación propuestos por C. Welzel, a saber, la motivación, los recursos y la protección. Nuestro argumento se ilustra empíricamente mediante testimonios recopilados en el marco de un estudio cualitativo en torno a enfermeras y enfermeros denunciantes. Concluimos que la alerta ética constituye una forma de una forma de poder de actuar de los profesionales sanitarios, que a su vez protege el poder de actuar de los pacientes y refuerza la transparencia y la responsabilidad democrática de los sistemas de salud contemporáneos.
690 ## - LOCAL SUBJECT ADDED ENTRY--TOPICAL TERM (OCLC, RLIN)
Topical term or geographic name as entry element démocratie sanitaire
690 ## - LOCAL SUBJECT ADDED ENTRY--TOPICAL TERM (OCLC, RLIN)
Topical term or geographic name as entry element droits des usagers
690 ## - LOCAL SUBJECT ADDED ENTRY--TOPICAL TERM (OCLC, RLIN)
Topical term or geographic name as entry element gouvernance de santé
690 ## - LOCAL SUBJECT ADDED ENTRY--TOPICAL TERM (OCLC, RLIN)
Topical term or geographic name as entry element lancement d’alerte éthique
690 ## - LOCAL SUBJECT ADDED ENTRY--TOPICAL TERM (OCLC, RLIN)
Topical term or geographic name as entry element Théorie d’émancipation de Welzel
690 ## - LOCAL SUBJECT ADDED ENTRY--TOPICAL TERM (OCLC, RLIN)
Topical term or geographic name as entry element healthcare democracy
690 ## - LOCAL SUBJECT ADDED ENTRY--TOPICAL TERM (OCLC, RLIN)
Topical term or geographic name as entry element healthcare governance
690 ## - LOCAL SUBJECT ADDED ENTRY--TOPICAL TERM (OCLC, RLIN)
Topical term or geographic name as entry element patient rights
690 ## - LOCAL SUBJECT ADDED ENTRY--TOPICAL TERM (OCLC, RLIN)
Topical term or geographic name as entry element Welzel’s theory of emancipation
690 ## - LOCAL SUBJECT ADDED ENTRY--TOPICAL TERM (OCLC, RLIN)
Topical term or geographic name as entry element whistleblowing
700 10 - ADDED ENTRY--PERSONAL NAME
Personal name Smaili, Nadia
Relator term author
700 10 - ADDED ENTRY--PERSONAL NAME
Personal name Gagnon, Marilou
Relator term author
700 10 - ADDED ENTRY--PERSONAL NAME
Personal name Pariseau-Legault, Pierre
Relator term author
700 10 - ADDED ENTRY--PERSONAL NAME
Personal name Martin, Patrick
Relator term author
700 10 - ADDED ENTRY--PERSONAL NAME
Personal name Wright, David
Relator term author
700 10 - ADDED ENTRY--PERSONAL NAME
Personal name Dufour, Caroline
Relator term author
700 10 - ADDED ENTRY--PERSONAL NAME
Personal name Marcogliese, Emily
Relator term author
700 10 - ADDED ENTRY--PERSONAL NAME
Personal name Carnevale, Franco
Relator term author
700 10 - ADDED ENTRY--PERSONAL NAME
Personal name Ouellette, Hanna
Relator term author
786 0# - DATA SOURCE ENTRY
Note La Revue des Sciences de Gestion | 336 | 6 | 2026-02-13 | p. 11-23 | 1160-7742
856 41 - ELECTRONIC LOCATION AND ACCESS
Uniform Resource Identifier <a href="https://shs.cairn.info/revue-la-revue-des-sciences-de-gestion-2025-6-page-11?lang=fr&redirect-ssocas=7080">https://shs.cairn.info/revue-la-revue-des-sciences-de-gestion-2025-6-page-11?lang=fr&redirect-ssocas=7080</a>

Pas d'exemplaire disponible.

PLUDOC

PLUDOC est la plateforme unique et centralisée de gestion des bibliothèques physiques et numériques de Guinée administré par le CEDUST. Elle est la plus grande base de données de ressources documentaires pour les Étudiants, Enseignants chercheurs et Chercheurs de Guinée.

Adresse

627 919 101/664 919 101

25 boulevard du commerce
Kaloum, Conakry, Guinée

Réseaux sociaux

Powered by Netsen Group @ 2025